Where Are They From - City #2 - Statistics

General Stats
  • This quiz has been taken 64 times
  • The average score is 10 of 12
Answer Stats
Hint Answer % Correct
Emma Watson, Voltaire, Claude Monet, Kylian Mbappé Paris
100%
Sergey Brin, Fyodor Dostoevsky, Lev Yashin, Anna Kournikova Moscow
98%
Hirohito, Sonoya Mizuno, Yoko Ono, Hiroyuki Sanada Tokyo
98%
Avicii, Björn Borg, Alfred Nobel, Ingrid Bergman Stockholm
96%
Vladimir Putin, Boris Spassky, Svetlana Kuznetsova, Peter Carl Fabergé Saint Petersburg
92%
Barack Obama, Nicole Kidman, Bruno Mars, Jason Momoa Honolulu
89%
William Shatner, Emmanuelle Chriqui, Mario Lemieux, Pierre Trudeau Montreal
89%
Michael Jordan, Scarlett Johansson, Tom Cruise, Lady Gaga New York
87%
Arda Turan, Tuba Büyüküstün, Orhan Pamuk, Mehmed IV Istanbul
81%
Alex Ferguson, Billy Connolly, James McAvoy, Charles Macintosh Glasgow
79%
Yash Chopra, Imran Khan, Sajal Aly, Shahid Khan Lahore
57%
Boutros Boutros-Ghali, Mena Massoud, Mido, Fuad I Cairo
49%
No matching quizzes found
Score Distribution
Percent of People with Each Score
Percentile by Number Answered
Your Score History
You have not taken this quiz